| 000 | 00497nam a2200193Ia 4500 | ||
|---|---|---|---|
| 005 | 20251118114541.0 | ||
| 008 | 230125s9999 xx 000 0 und d | ||
| 020 | _a0-380-72564-9 | ||
| 041 | _aeng | ||
| 082 |
_a158.1 _bAUT |
||
| 100 |
_aAutry J A _9214990 |
||
| 245 | _aLife and work | ||
| 260 |
_c1994 _bThe Hearest corporation _aNew York |
||
| 300 | _a302p | ||
| 500 | _aPersonality Development, | ||
| 650 |
_aPersonality Development _9213420 |
||
| 700 |
_aAutry J A _9214990 |
||
| 942 | _cBK | ||
| 999 |
_c87787 _d87787 |
||